Die berühmtesten Rapper der Welt - Statistiken

Allgemein
  • Dieses Quiz wurde 2.031 mal gespielt
  • Das Durchschnittsergebnis liegt bei 11 aus 16
Antwortstatistiken
Bildquiz Antwort % Korrekt
Eminem
97%
Drake
96%
Kanye West
88%
50 Cent
85%
Post Malone
82%
Snoop Dogg
82%
Lil Nas X
74%
Nicki Minaj
70%
Lil Wayne
66%
Ice Cube
65%
Kendrick Lamar
62%
Tupac Shakur
62%
Jay-Z
61%
21 Savage
56%
Wiz Khalifa
41%
Megan Thee Stallion
24%
Keine übereinstimmenden Quizze gefunden
Verteilung der Resultate
Anzahl Personen mit jedem Resultat
Perzentil nach korrekt beantworteten Fragen
Ihre Resultats-Entwicklung
Sie haben dieses Quiz noch nicht gespielt